00668nam a2200181 i 450000100060000000300090000600500170001500700030003200800410003510000410007624500950011726000420021230000220025470000350027685200320031199900170034395201260036064592ES-MaACL20230906165151.0t|031230s1960 sp ||||1| spa d1 aFontrodona Vilanova, Mariano.95165210aCríticas y ensayos / cMariano Fontrodona Vilanova ; prólogo de Benito Paricio Barril. aBarcelona : bDalmau y Jover, c1960. a149 p. ; c18 cm.1 aParicio Barril, Benito.989125 aES-MaACLjC-18810 bR.45611 c64592d64592 00104070aATENEOMbATENEOMcGaleríad2008-01-17eSCl0oC-18810p1067685r2023-02-23 00:00:00w2023-02-23yMONOGRAFIA